| 000 | 00553nam a22002057a 4500 | ||
|---|---|---|---|
| 001 | 8886441 | ||
| 003 | OSt | ||
| 005 | 20230504042116.0 | ||
| 008 | 160629b xxu||||| |||| 00| 0 eng d | ||
| 010 | _a 59005786 | ||
| 035 | _a(OCoLC)1450134 | ||
| 040 |
_aMMU _cMMU _dMMU _dMMU _beng |
||
| 050 | 0 | 0 |
_aPZ3.P87148 _b1959 |
| 100 | 1 |
_aPowell, Richard, _d1908-1999. |
|
| 245 | 1 | 0 | _aPioneer, go home! |
| 260 |
_aNew York : _bScribner, _c[1959]. |
||
| 300 |
_a320 p. : _c22 cm. |
||
| 906 |
_a7 _bcbc _coclcrpl _du _encip _f19 _gy-gencatlg |
||
| 942 |
_2lcc _cLOAN LOAN |
||
| 999 |
_c17757 _d17757 |
||